[Event "Vecindario Montalvo Memorial 16th"]
[Site "Vecindario"]
[Date "2024.03.26"]
[Round "4"]
[White "Van Zyl Rudd, Jack"]
[Black "Barlov, Dragan"]
[Result "1/2-1/2"]
[WhiteElo "2264"]
[BlackElo "2387"]
[PlyCount "106"]
[EventDate "2024.03.23"]
[EventType "swiss"]
[EventRounds "9"]
[EventCountry "ESP"]
[SourceTitle "CB15_2024"]
[SourceDate "2024.04.10"]
[SourceVersion "1"]
[SourceVersionDate "2024.04.10"]
[SourceQuality "1"]

1. d4 Nf6 2. c4 e6 3. Nc3 Bb4 4. Qc2 c5 5. dxc5 Bxc5 6. Nf3 Qb6 7. e3 0-0 8. a3 Be7 9. e4 d6 10. Be2 a6 11. 0-0 Qc7 12. Bf4 Nbd7 13. Rad1 b6 14. b4 Bb7 15. Qd3 Ne5 16. Nxe5 dxe5 17. Be3 a5 18. Qb1 axb4 19. axb4 h6 20. Rd2 Rfd8 21. Rfd1 Rxd2 22. Rxd2 Rd8 23. Rxd8+ Qxd8 24. f3 Qf8 25. Na2 Nd7 26. Qd1 Qc8 27. Qb3 Qc7 28. Nc3 Qd6 29. Na4 Qxb4 30. Qxb4 Bxb4 31. Nxb6 Bc5 32. Bxc5 Nxc5 33. Bd1 Bc6 34. Nc8 Kf8 35. Kf2 Ke8 36. Ke3 Kd7 37. Na7 Kc7 38. Nxc6 Kxc6 39. Kd2 f5 40. exf5 exf5 41. Bc2 f4 42. g3 g5 43. gxf4 gxf4 44. Kc3 Kb6 45. Bd1 Ka5 46. Bc2 Kb6 47. Bd1 Kc6 48. Bc2 Kc7 49. Bd1 Kd6 50. Bc2 Na6 51. Bf5 Nc5 52. Bc2 Kc6 53. Bd1 Kb6 1/2-1/2

[Event "Zuerich op 43rd"]
[Site "Zuerich"]
[Date "2019.12.27"]
[Round "3"]
[White "Van Zyl Rudd, Jack"]
[Black "Grover, Sahaj"]
[Result "0-1"]
[WhiteElo "2290"]
[BlackElo "2508"]
[PlyCount "104"]
[EventDate "2019.12.26"]
[EventType "swiss"]
[EventRounds "7"]
[EventCountry "SUI"]
[SourceTitle "CBM 194 Extra"]
[Source "ChessBase"]
[SourceDate "2020.03.31"]
[SourceVersion "1"]
[SourceVersionDate "2020.03.31"]
[SourceQuality "1"]

1. d4 e6 2. c4 Nf6 3. Nc3 Bb4 4. Qc2 d5 5. a3 Bxc3+ 6. Qxc3 dxc4 7. Qxc4 b6 8. Nf3 Ba6 9. Qa4+ Qd7 10. Qxd7+ Nbxd7 11. e3 Bb7 12. b4 0-0 13. Bb2 Rfc8 14. Be2 a5 15. b5 c6 16. bxc6 Rxc6 17. Bd3 Ba6 18. Kd2 Bxd3 19. Kxd3 Ng4 20. Rhf1 Rd8 21. Rac1 Rxc1 22. Bxc1 Nde5+ 23. Nxe5 Nxe5+ 24. Kc3 Rc8+ 25. Kb3 Nc4 26. e4 Nd6 27. f3 f6 28. Bb2 Nc4 29. Rc1 b5 30. Rc2 Kf7 31. Bc1 Ke7 32. a4 bxa4+ 33. Kxa4 Nb6+ 34. Kb3 Rxc2 35. Kxc2 Kd6 36. Ba3+ Kc6 37. Kc3 Kb5 38. Bf8 g6 39. g4 a4 40. h4 Nc4 41. Bg7 a3 42. Kb3 Nd2+ 43. Kxa3 Nxf3 44. Bxf6 Kc4 45. d5 exd5 46. e5 Nd4 47. h5 Ne6 48. hxg6 hxg6 49. Kb2 Kd3 50. Kb3 Ke3 51. Kc3 d4+ 52. Kc2 Ke2 0-1

[Event "London Chess Classic: Blitz A"]
[Site "London"]
[Date "2019.12.08"]
[Round "2"]
[White "Van Zyl Rudd, Jack"]
[Black "Neo, Jing Yi Mischa"]
[Result "1-0"]
[WhiteElo "1617"]
[BlackElo "1240"]
[PlyCount "49"]
[EventDate "2019.12.08"]
[EventType "swiss (blitz)"]
[EventRounds "11"]
[EventCountry "ENG"]
[SourceTitle "EXT 2021"]
[Source "ChessBase"]
[SourceDate "2020.10.23"]
[SourceVersion "1"]
[SourceVersionDate "2020.10.23"]
[SourceQuality "1"]

1. e4 c5 2. Nf3 d6 3. Nc3 g6 4. d4 cxd4 5. Qxd4 Nf6 6. e5 dxe5 7. Qxd8+ Kxd8 8. Nxe5 Ke8 9. Bg5 Bg7 10. 0-0-0 Bf5 11. Bc4 e6 12. Nb5 Na6 13. Nd6+ Ke7 14. Ndxf7 Kf8 15. Nxh8 Bxh8 16. Bxf6 Bxf6 17. Nd7+ Kf7 18. Nxf6 Kxf6 19. Bxa6 bxa6 20. f3 Rc8 21. Rd2 a5 22. g4 Bxg4 23. fxg4 e5 24. Rf1+ Ke6 25. g5 1-0

[Event "London Classic op 11th"]
[Site "London"]
[Date "2019.11.30"]
[Round "2"]
[White "Van Zyl Rudd, Jack"]
[Black "Wilks, Simon"]
[Result "1-0"]
[WhiteElo "2290"]
[BlackElo "2071"]
[PlyCount "73"]
[EventDate "2019.11.29"]
[EventType "swiss"]
[EventRounds "9"]
[EventCountry "ENG"]
[SourceTitle "CBM 193 Extra"]
[Source "ChessBase"]
[SourceDate "2020.01.31"]
[SourceVersion "1"]
[SourceVersionDate "2020.01.31"]
[SourceQuality "1"]

1. e4 e6 2. d4 d5 3. Nc3 Nf6 4. e5 Nfd7 5. f4 c5 6. Nf3 Nc6 7. Be3 a6 8. Qd2 b5 9. Nd1 Be7 10. c3 b4 11. Bd3 h6 12. 0-0 0-0 13. f5 bxc3 14. bxc3 exf5 15. Bxh6 cxd4 16. cxd4 Nb6 17. Bf4 Nb4 18. Bb1 Nc4 19. Qf2 Na3 20. Qg3 Qb6 21. Ne3 Qg6 22. Bg5 Ra7 23. Qh4 Bxg5 24. Nxg5 Qh6 25. Qg3 Nxb1 26. Raxb1 Nc6 27. Rf4 f6 28. exf6 Qxf6 29. Rb6 Qd6 30. Qf3 Be6 31. Nxf5 Bxf5 32. Rxf5 Raa8 33. Qh5 Rxf5 34. Qh7+ Kf8 35. Qxf5+ Ke8 36. Qf7+ Kd8 37. Ne6+ 1-0

[Event "Teplice op 14th"]
[Site "Teplice"]
[Date "2019.06.21"]
[Round "7"]
[White "Van Zyl Rudd, Jack"]
[Black "Siddharth, Jagadeesh"]
[Result "0-1"]
[WhiteElo "2299"]
[BlackElo "2416"]
[PlyCount "77"]
[EventDate "2019.06.15"]
[EventType "swiss"]
[EventRounds "9"]
[EventCountry "CZE"]
[SourceTitle "CBM 191 Extra"]
[Source "ChessBase"]
[SourceDate "2019.09.30"]
[SourceVersion "1"]
[SourceVersionDate "2019.09.30"]
[SourceQuality "1"]

1. d4 Nf6 2. c4 e6 3. Nc3 Bb4 4. Qc2 0-0 5. Nf3 c5 6. dxc5 Na6 7. g3 Nxc5 8. Bg2 Nce4 9. 0-0 Nxc3 10. bxc3 Be7 11. e4 d6 12. e5 dxe5 13. Nxe5 Qc7 14. Qe2 Bd6 15. Bf4 Ne8 16. c5 Qxc5 17. c4 f6 18. Nd3 Qc7 19. c5 Bxf4 20. Nxf4 e5 21. Nd5 Qf7 22. Rab1 Nc7 23. Nxc7 Qxc7 24. Qc4+ Kh8 25. Rb4 f5 26. Bd5 Rd8 27. Rfb1 Rb8 28. a4 h6 29. Rb5 f4 30. a5 Bf5 31. R1b3 Bh3 32. c6 bxc6 33. Rxb8 Rxb8 34. Qxc6 Rc8 35. Qxc7 Rxc7 36. Rb8+ Kh7 37. Bg8+ Kg6 38. Bf7+ Kh7 39. Bd5 0-1

[Event "El Ksiba op"]
[Site "El Ksiba"]
[Date "2019.04.12"]
[Round "7"]
[White "Van Zyl Rudd, Jack"]
[Black "Benaino, Samir"]
[Result "1-0"]
[WhiteElo "2310"]
[BlackElo "2063"]
[PlyCount "88"]
[EventDate "2019.04.08"]
[EventType "swiss"]
[EventRounds "9"]
[EventCountry "MAR"]
[SourceTitle "CBM 189 Extra"]
[Source "ChessBase"]
[SourceDate "2019.06.03"]
[SourceVersion "1"]
[SourceVersionDate "2019.06.03"]
[SourceQuality "1"]

1. d4 Nf6 2. c4 e6 3. Nc3 d5 4. cxd5 exd5 5. Bg5 Nbd7 6. e3 Be7 7. Bd3 0-0 8. Qc2 c5 9. dxc5 Nxc5 10. Nge2 Nxd3+ 11. Qxd3 Be6 12. 0-0 h6 13. Bh4 Qb6 14. Nf4 Rfd8 15. Rfd1 Rac8 16. Rab1 d4 17. exd4 Bg4 18. Bxf6 Bxf6 19. Nfd5 Qd6 20. Nxf6+ Qxf6 21. f3 Bf5 22. Ne4 Qb6 23. Rd2 Rd5 24. Rbd1 Rcd8 25. Qe3 Re5 26. Qf4 Rb5 27. b3 g5 28. Qe3 Rbd5 29. Kf2 Kf8 30. Nc3 R5d6 31. d5 Qxe3+ 32. Kxe3 a6 33. Ne4 Re8 34. Kd4 Bxe4 35. fxe4 Red8 36. Rc2 R8d7 37. Rdc1 f6 38. Rc7 Ke7 39. Rxd7+ Kxd7 40. e5 fxe5+ 41. Kxe5 Rg6 42. Rf1 Ke7 43. g4 Rd6 44. Rf7+ Ke8 1-0

[Event "El Ksiba op"]
[Site "El Ksiba"]
[Date "2019.04.10"]
[Round "5"]
[White "Van Zyl Rudd, Jack"]
[Black "Hamdouchi, Hicham"]
[Result "0-1"]
[WhiteElo "2310"]
[BlackElo "2584"]
[PlyCount "63"]
[EventDate "2019.04.08"]
[EventType "swiss"]
[EventRounds "9"]
[EventCountry "MAR"]
[SourceTitle "CBM 189 Extra"]
[Source "ChessBase"]
[SourceDate "2019.06.03"]
[SourceVersion "1"]
[SourceVersionDate "2019.06.03"]
[SourceQuality "1"]

1. d4 Nf6 2. c4 g6 3. Nc3 Bg7 4. e4 d6 5. h3 0-0 6. Be3 a6 7. Nf3 Nbd7 8. Be2 c5 9. 0-0 cxd4 10. Nxd4 Re8 11. Qc2 b6 12. Rad1 Bb7 13. Rfe1 Rc8 14. a4 e6 15. Qb1 Qc7 16. Bf1 Qb8 17. f3 Nh5 18. Nde2 Rxc4 19. Nf4 Rb4 20. Qa2 Nxf4 21. Bxf4 Rd4 22. Rb1 Nc5 23. Be3 Rb4 24. Qa3 Rb3 25. Qa2 Bc6 26. Bxc5 bxc5 27. Bxa6 Qb4 28. Bb5 Bxb5 29. Nxb5 Rxb2 30. Qa1 Ra8 31. Rxb2 Bxb2 32. Qd1 0-1

[Event "El Ksiba op"]
[Site "El Ksiba"]
[Date "2019.04.09"]
[Round "3"]
[White "Van Zyl Rudd, Jack"]
[Black "Ouazri, Anass"]
[Result "1-0"]
[WhiteElo "2310"]
[BlackElo "2038"]
[PlyCount "77"]
[EventDate "2019.04.08"]
[EventType "swiss"]
[EventRounds "9"]
[EventCountry "MAR"]
[SourceTitle "CBM 189 Extra"]
[Source "ChessBase"]
[SourceDate "2019.06.03"]
[SourceVersion "1"]
[SourceVersionDate "2019.06.03"]
[SourceQuality "1"]

1. d4 d5 2. c4 c6 3. cxd5 cxd5 4. Bg5 Qb6 5. Nc3 e6 6. Qd2 h6 7. Bh4 Nc6 8. e3 Be7 9. Bxe7 Ngxe7 10. Nf3 Bd7 11. Bd3 Nb4 12. Be2 Ng8 13. a3 Nc6 14. b4 Nf6 15. Na4 Qd8 16. Nc5 Ne4 17. Qc2 Nxc5 18. dxc5 Qf6 19. 0-0 0-0 20. Rac1 Rfc8 21. Rfd1 a6 22. e4 d4 23. Nd2 e5 24. Nc4 Rc7 25. Nb6 Rac8 26. Nxc8 Rxc8 27. Rd3 Nd8 28. Rf3 Qe7 29. Bc4 Ne6 30. Bd5 Nf4 31. Bxb7 Rc7 32. Bd5 Bg4 33. Rxf4 exf4 34. f3 Bc8 35. Qd3 Qg5 36. Qxd4 Bh3 37. Rc2 Qh4 38. gxh3 Qe1+ 39. Kg2 1-0

[Event "Port Elizabeth"]
[Site "Port Elizabeth"]
[Date "2019.04.01"]
[Round "8"]
[White "Van Zyl Rudd, Jack"]
[Black "Haznedaroglu, Kivanc"]
[Result "0-1"]
[WhiteElo "2310"]
[BlackElo "2472"]
[PlyCount "69"]
[EventDate "2019.03.25"]
[EventType "tourn"]
[EventRounds "10"]
[EventCountry "RSA"]
[EventCategory "8"]
[SourceTitle "CBM 189 Extra"]
[Source "ChessBase"]
[SourceDate "2019.06.03"]
[SourceVersion "1"]
[SourceVersionDate "2019.06.03"]
[SourceQuality "1"]

1. d4 Nf6 2. c4 e6 3. Nc3 Bb4 4. Qc2 0-0 5. Nf3 d5 6. e3 a6 7. Bd2 Nbd7 8. a3 Be7 9. e4 dxe4 10. Nxe4 c5 11. Nxc5 Nxc5 12. dxc5 Bxc5 13. Bd3 Be7 14. 0-0-0 Qc7 15. Bc3 b5 16. Ng5 h6 17. h4 Bb7 18. f4 Rfd8 19. Be5 Qc5 20. Bxf6 Bxf6 21. Be4 Rxd1+ 22. Rxd1 Bxg5 23. Bxb7 Bxf4+ 24. Kb1 Rb8 25. Bxa6 bxc4 26. Qxc4 Qb6 27. Qd4 Qc7 28. Qd7 Qe5 29. Qd4 Qh5 30. b4 Qxh4 31. Bd3 Qg5 32. Qe4 g6 33. Bc4 Be5 34. b5 Bg7 35. Qc6 0-1

[Event "Port Elizabeth"]
[Site "Port Elizabeth"]
[Date "2019.03.30"]
[Round "5"]
[White "Cawdery, Daniel"]
[Black "Van Zyl Rudd, Jack"]
[Result "1-0"]
[WhiteElo "2428"]
[BlackElo "2310"]
[PlyCount "53"]
[EventDate "2019.03.25"]
[EventType "tourn"]
[EventRounds "10"]
[EventCountry "RSA"]
[EventCategory "8"]
[SourceTitle "CBM 189 Extra"]
[Source "ChessBase"]
[SourceDate "2019.06.03"]
[SourceVersion "1"]
[SourceVersionDate "2019.06.03"]
[SourceQuality "1"]

1. e4 c5 2. Nc3 e6 3. Nf3 Nc6 4. Bb5 Nd4 5. 0-0 a6 6. Bd3 Ne7 7. Nxd4 cxd4 8. Ne2 Nc6 9. c3 Bc5 10. b4 Be7 11. Nxd4 Nxd4 12. cxd4 Bxb4 13. d5 Qf6 14. Rb1 Bd6 15. Bb2 Be5 16. Ba3 d6 17. f4 Bxf4 18. e5 dxe5 19. g3 exd5 20. gxf4 e4 21. Be2 Qd4+ 22. Kh1 b5 23. Qc2 Qb6 24. d4 Bh3 25. Rg1 Rc8 26. Qb3 Be6 27. Qb4 1-0

[Event "Port Elizabeth"]
[Site "Port Elizabeth"]
[Date "2019.03.30"]
[Round "6"]
[White "Van Zyl Rudd, Jack"]
[Black "Grover, Sahaj"]
[Result "1/2-1/2"]
[WhiteElo "2310"]
[BlackElo "2511"]
[PlyCount "31"]
[EventDate "2019.03.25"]
[EventType "tourn"]
[EventRounds "10"]
[EventCountry "RSA"]
[EventCategory "8"]
[SourceTitle "CBM 189 Extra"]
[Source "ChessBase"]
[SourceDate "2019.06.03"]
[SourceVersion "1"]
[SourceVersionDate "2019.06.03"]
[SourceQuality "1"]

1. Nf3 Nf6 2. g3 g6 3. b3 Bg7 4. Bb2 0-0 5. Bg2 c5 6. c4 Nc6 7. 0-0 d6 8. d4 cxd4 9. Nxd4 Bd7 10. Nc3 a6 11. Rc1 Rb8 12. Nd5 Nxd4 13. Nxf6+ Bxf6 14. Bxd4 Bxd4 15. Qxd4 Bc6 16. Rfd1 1/2-1/2

[Event "Port Elizabeth"]
[Site "Port Elizabeth"]
[Date "2019.03.28"]
[Round "4"]
[White "Van Zyl Rudd, Jack"]
[Black "Abergel, Thal"]
[Result "0-1"]
[WhiteElo "2310"]
[BlackElo "2431"]
[PlyCount "58"]
[EventDate "2019.03.25"]
[EventType "tourn"]
[EventRounds "10"]
[EventCountry "RSA"]
[EventCategory "8"]
[SourceTitle "CBM 189 Extra"]
[Source "ChessBase"]
[SourceDate "2019.06.03"]
[SourceVersion "1"]
[SourceVersionDate "2019.06.03"]
[SourceQuality "1"]

1. d4 d5 2. c4 c6 3. cxd5 cxd5 4. Bg5 Qb6 5. Nc3 e6 6. Qd2 Nc6 7. e3 Bd7 8. Bd3 Nb4 9. Bb1 Rc8 10. Nf3 Bb5 11. a3 Qa6 12. Nxb5 Qxb5 13. Ne5 Bd6 14. Nd3 Nc6 15. 0-0 Na5 16. Bc2 Ne7 17. Nc5 Bxc5 18. dxc5 f6 19. Bf4 Qxc5 20. Rac1 Qb6 21. b4 Nc4 22. Qd3 e5 23. Bg3 e4 24. Qc3 0-0 25. Rfd1 Rfd8 26. Qb3 Qe6 27. b5 Nf5 28. Qb4 h5 29. Bb3 Nb2 0-1

[Event "London Classic op 10th"]
[Site "London"]
[Date "2018.12.15"]
[Round "7"]
[White "Longson, Sarah N"]
[Black "Van Zyl Rudd, Jack"]
[Result "0-1"]
[WhiteElo "2137"]
[BlackElo "2306"]
[PlyCount "100"]
[EventDate "2018.12.09"]
[EventType "swiss"]
[EventRounds "9"]
[EventCountry "ENG"]
[SourceTitle "CBM 187 Extra"]
[Source "ChessBase"]
[SourceDate "2018.11.04"]
[SourceVersion "1"]
[SourceVersionDate "2018.11.04"]
[SourceQuality "1"]

1. e4 Nc6 2. Nf3 d6 3. d4 Nf6 4. Nc3 g6 5. d5 Nb8 6. Bf4 Bg7 7. Qd2 0-0 8. Bh6 c6 9. Bxg7 Kxg7 10. 0-0-0 Qa5 11. Kb1 Na6 12. Bxa6 Qxa6 13. h3 c5 14. e5 dxe5 15. Nxe5 b5 16. d6 b4 17. dxe7 Re8 18. Ne2 Be6 19. b3 Ne4 20. Qd3 Qxd3 21. Nxd3 c4 22. bxc4 Bxc4 23. Rhe1 Rxe7 24. f3 Bxd3 25. cxd3 Nc5 26. Nc1 Rd7 27. d4 Na4 28. Rd2 Nb6 29. Nb3 a5 30. Nc5 Rd5 31. Re7 Kf6 32. Rc7 Rc8 33. Ne4+ Kg7 34. Rdc2 Rxc7 35. Rxc7 Rxd4 36. Ng5 Rd7 37. Rc6 Nd5 38. Rc5 a4 39. Ne4 f5 40. Ng5 Nc3+ 41. Kc2 Nxa2 42. Ne6+ Kf6 43. Nf4 b3+ 44. Kb2 Rd2+ 45. Ka3 Rc2 46. Ra5 Nc3 47. Ra6+ Ke5 48. Nd3+ Kd4 49. Rd6+ Ke3 50. Rd7 Rd2 0-1

[Event "London Classic op 10th"]
[Site "London"]
[Date "2018.12.15"]
[Round "8"]
[White "Van Zyl Rudd, Jack"]
[Black "Johnson, Daniel"]
[Result "1/2-1/2"]
[WhiteElo "2306"]
[BlackElo "2111"]
[PlyCount "101"]
[EventDate "2018.12.09"]
[EventType "swiss"]
[EventRounds "9"]
[EventCountry "ENG"]
[SourceTitle "CBM 187 Extra"]
[Source "ChessBase"]
[SourceDate "2018.11.04"]
[SourceVersion "1"]
[SourceVersionDate "2018.11.04"]
[SourceQuality "1"]

1. d4 d5 2. c4 e6 3. Nc3 Be7 4. Nf3 Nf6 5. cxd5 exd5 6. Bg5 c6 7. Qc2 0-0 8. e3 Ne4 9. Bxe7 Qxe7 10. Bd3 f5 11. 0-0 Be6 12. Rab1 a5 13. a3 Nd7 14. Ne2 Rfc8 15. Rfc1 g6 16. Nf4 Bf7 17. Bf1 Nd6 18. Nd3 Nc4 19. Nd2 Nxd2 20. Qxd2 Kg7 21. Nc5 Nf6 22. Bd3 b6 23. Na4 Nd7 24. Rc2 Qd6 25. Rbc1 Rc7 26. Nc3 Raa7 27. h3 Nf6 28. Na4 Nd7 29. Qc3 Be8 30. Qd2 b5 31. Nc3 Nf6 32. Ne2 b4 33. axb4 axb4 34. Nf4 Rcb7 35. f3 Ra2 36. Bf1 b3 37. Rc5 Rb6 38. Nd3 Ra4 39. Ne5 Ra2 40. Qc3 Qe6 41. Ra5 Rxa5 42. Qxa5 Rb7 43. Qa6 Qe7 44. Rc3 f4 45. exf4 Nh5 46. Nxc6 Bxc6 47. Qxc6 Nxf4 48. g3 Nh5 49. Kf2 Nf6 50. Re3 Qf7 51. Bd3 1/2-1/2

[Event "Oslo op"]
[Site "Oslo"]
[Date "2018.10.04"]
[Round "6"]
[White "Sriram, Jha"]
[Black "Van Zyl Rudd, Jack"]
[Result "1/2-1/2"]
[WhiteElo "2402"]
[BlackElo "2265"]
[PlyCount "77"]
[EventDate "2018.09.30"]
[EventType "swiss"]
[EventRounds "10"]
[EventCountry "NOR"]
[SourceTitle "EXT 2020"]
[Source "ChessBase"]
[SourceDate "2019.10.17"]
[SourceVersion "1"]
[SourceVersionDate "2019.10.17"]
[SourceQuality "1"]

1. Nf3 d5 2. g3 Nc6 3. d4 Bg4 4. Bg2 Qd7 5. 0-0 0-0-0 6. c3 h5 7. b4 f6 8. Nbd2 Bh3 9. b5 Nb8 10. Bxh3 Qxh3 11. Qa4 g5 12. Qxa7 Nh6 13. Nb3 b6 14. a4 h4 15. a5 hxg3 16. fxg3 Ng4 17. axb6 cxb6 18. Nc5 bxc5 19. Qxc5+ Kd7 20. Qxd5+ Ke8 21. Qf5 Qh5 22. h4 gxh4 23. Nxh4 Qxf5 24. Rxf5 Rg8 25. Rf3 e6 26. Ba3 Bxa3 27. Rxa3 Ke7 28. Ng2 e5 29. Ne3 Nxe3 30. Rxe3 Kd6 31. Rf3 Kd5 32. Rxf6 exd4 33. cxd4 Kxd4 34. b6 Kc5 35. Rc3+ Kb4 36. Rcf3 Kb5 37. Kf2 Nd7 38. Rd6 Nc5 39. Rh6 1/2-1/2

[Event "Pretoria Capablanca GM"]
[Site "Pretoria"]
[Date "2018.04.29"]
[Round "6"]
[White "Van Zyl Rudd, Jack"]
[Black "Klaasen, Calvin Jong"]
[Result "1/2-1/2"]
[WhiteElo "2252"]
[BlackElo "2272"]
[PlyCount "61"]
[EventDate "2018.04.26"]
[EventType "tourn"]
[EventRounds "9"]
[EventCountry "RSA"]
[EventCategory "6"]
[SourceTitle "CBM 184 Extra"]
[Source "ChessBase"]
[SourceDate "2018.06.28"]
[SourceVersion "1"]
[SourceVersionDate "2018.06.28"]
[SourceQuality "1"]

1. d4 Nf6 2. c4 e6 3. Nf3 b6 4. g3 Ba6 5. b3 Bb7 6. Bg2 Bb4+ 7. Bd2 a5 8. Nc3 0-0 9. 0-0 d6 10. a3 Bxc3 11. Bxc3 Nbd7 12. Qc2 Be4 13. Qb2 Qb8 14. b4 axb4 15. axb4 b5 16. c5 Qb7 17. Nh4 Bxg2 18. Nxg2 Nd5 19. Bd2 Rxa1 20. Rxa1 Ra8 21. e4 Ne7 22. Rxa8+ Qxa8 23. f3 Nc6 24. Bc3 Qa4 25. Ne3 f6 26. Kg2 e5 27. cxd6 cxd6 28. dxe5 Ndxe5 29. Qd2 Qb3 30. Nf5 Nf7 31. f4 1/2-1/2

[Event "Port Elizabeth Pearson"]
[Site "Port Elizabeth"]
[Date "2018.03.15"]
[Round "5"]
[White "Van Zyl Rudd, Jack"]
[Black "Mwale, Joseph"]
[Result "1/2-1/2"]
[WhiteElo "2133"]
[BlackElo "2240"]
[PlyCount "71"]
[EventDate "2018.03.12"]
[EventType "tourn"]
[EventRounds "9"]
[EventCountry "RSA"]
[EventCategory "2"]
[SourceTitle "CBM 183 Extra"]
[Source "ChessBase"]
[SourceDate "2018.04.19"]
[SourceVersion "1"]
[SourceVersionDate "2018.04.19"]
[SourceQuality "1"]

1. d4 Nf6 2. Bg5 d5 3. Nd2 h6 4. Bh4 Bf5 5. e3 e6 6. Ngf3 Be7 7. Be2 0-0 8. 0-0 Nbd7 9. c4 dxc4 10. Nxc4 c5 11. Rc1 cxd4 12. Nxd4 Be4 13. Bf3 Rc8 14. Bxe4 Nxe4 15. Bxe7 Qxe7 16. Qd3 Ndf6 17. Nd2 Nxd2 18. Qxd2 e5 19. Nf3 e4 20. Nd4 Rcd8 21. Qa5 Rd5 22. Qxa7 Rg5 23. Rfd1 Qd7 24. Ne2 Qg4 25. Ng3 h5 26. Qb6 Re5 27. Qc7 Rb5 28. h3 Qe6 29. b3 h4 30. Ne2 Qa6 31. Rd8 Rd5 32. Rxf8+ Kxf8 33. Qb8+ Ke7 34. Nf4 Rd6 35. Rc7+ Nd7 36. Rc4 1/2-1/2